Boots and shoes / (Record no. 19456)
[ view plain ]
| 000 -LEADER | |
|---|---|
| fixed length control field | 00842cam a22002411a 4500 |
| 001 - CONTROL NUMBER | |
| control field | 19456 |
| 003 - CONTROL NUMBER IDENTIFIER | |
| rucl marc code | BD-RjUL |
| 005 - DATE AND TIME OF LATEST TRANSACTION | |
| control field | 20211209000432.0 |
| 008 - FIXED-LENGTH DATA ELEMENTS--GENERAL INFORMATION | |
| fixed length control field | 140224s1946 enk 0 eng d |
| 035 ## - SYSTEM CONTROL NUMBER | |
| System control number | (BD-RjUL)19516 |
| 040 ## - CATALOGING SOURCE | |
| Original cataloging agency | NUN |
| Language of cataloging | eng |
| Transcribing agency | NUN |
| Modifying agency | BD-RjUL |
| 041 ## - LANGUAGE CODE | |
| Language code of text/sound track or separate title | eng |
| 082 04 - DEWEY DECIMAL CLASSIFICATION NUMBER | |
| Classification number | 685.31 |
| Author mark and year | BOB 1946 |
| 110 2# - MAIN ENTRY--CORPORATE NAME | |
| Corporate name or jurisdiction name as entry element | Board of Trade Working Party. |
| 9 (RLIN) | 59788 |
| 245 10 - TITLE STATEMENT | |
| Title | Boots and shoes / |
| Statement of responsibility, etc. | report of the Boot and Shoe Working Party under the chairmanship of Sir T.P.Bennett. |
| 260 ## - PUBLICATION, DISTRIBUTION, ETC. (IMPRINT) | |
| Place of publication, distribution, etc. | London : |
| Name of publisher, distributor, etc. | H.M.S.O., |
| Date of publication, distribution, etc. | 1946. |
| 300 ## - PHYSICAL DESCRIPTION | |
| Pagination | viii, 190 p. : |
| Illustrations | ill. ; |
| Size | 24 cm. |
| 490 1# - SERIES STATEMENT | |
| Series statement | Working Party reports / Gt. Brit. - Board of Trade |
| 650 #0 - SUBJECT ADDED ENTRY--TOPICAL TERM | |
| Topical term or geographic name as entry element | Footwear industry |
| Geographic subdivision | Great Britain. |
| 9 (RLIN) | 59781 |
| 700 1# - ADDED ENTRY--PERSONAL NAME | |
| Personal name | Bennett, Thomas Penberthy, |
| 830 #0 - SERIES ADDED ENTRY--UNIFORM TITLE | |
| Uniform title | Working Party reports (Great Britain. Board of Trade) |
| 942 ## - ADDED ENTRY ELEMENTS (KOHA) | |
| Source of classification or shelving scheme | Dewey Decimal Classification |
| Koha item type | Books |
| Lost status | Source of classification or shelving scheme | Damaged status | Not for loan | Collection code | Permanent Location | Current Location | Shelving location | Date acquired | Total Checkouts | Full call number | Date last seen | Copy number | Koha item type |
|---|---|---|---|---|---|---|---|---|---|---|---|---|---|
| Dewey Decimal Classification | Not For Loan | Non-fiction | Central Library, University of Rajshahi | Central Library, University of Rajshahi | Reading Room | 24/02/2014 | 685.31 BOB 1946 | 24/02/2014 | C-1 | Books |